[Event "Llinars del Valles op 11th B"]
[Site "Llinars del Valles"]
[Date "2017.04.29"]
[Round "2.4"]
[White "De Lomas Busquets, Alba"]
[Black "Diaz Doblas, Juan"]
[Result "0-1"]
[WhiteElo "1419"]
[BlackElo "1663"]
[PlyCount "124"]
[EventDate "2017.04.22"]
[EventType "swiss"]
[EventRounds "9"]
[EventCountry "ESP"]
[SourceTitle "EXT 2024"]
[Source "ChessBase"]
[SourceDate "2023.10.10"]
[SourceVersion "1"]
[SourceVersionDate "2023.10.10"]
[SourceQuality "1"]

1. c4 Nf6 2. Nc3 d5 3. cxd5 Nxd5 4. g3 e6 5. Bg2 c6 6. Nf3 Be7 7. 0-0 0-0 8. a3 h6 9. d3 Nd7 10. Bd2 b6 11. b4 Bb7 12. Rc1 c5 13. Nxd5 exd5 14. b5 Bd6 15. Ne1 Nf6 16. a4 Qe7 17. Nc2 d4 18. Bxb7 Qxb7 19. Na3 Qd7 20. Kg2 Rfe8 21. Nc4 Bc7 22. e3 dxe3 23. Bxe3 Nd5 24. d4 Bd6 25. Re1 Nxe3+ 26. fxe3 Rad8 27. dxc5 Bxc5 28. Qxd7 Rxd7 29. Kf2 Re4 30. Re2 f5 31. Rec2 Rde7 32. Re1 f4 33. gxf4 Rxf4+ 34. Kg3 Rfe4 35. Kf2 R4e6 36. Rb2 Rf7+ 37. Ke2 Re4 38. Rc2 Rfe7 39. Kf2 g5 40. Ree2 Rh4 41. Kf1 Rh3 42. e4 Rf7+ 43. Ke1 Bb4+ 44. Nd2 Rhf3 45. Kd1 Ra3 46. e5 Rxa4 47. Rb2 Bc5 48. e6 Re7 49. Kc2 Bd4 50. Rb3 Ra2+ 51. Kc1 Rc7+ 52. Kd1 Kf8 53. Rf3+ Ke8 54. Re4 Bc5 55. Rh3 Bf8 56. Ree3 Rcc2 57. Nf3 Rcb2 58. Kc1 g4 59. Rg3 gxf3 60. Rgxf3 Bg7 61. Rf8+ Kxf8 62. e7+ Ke8 0-1

[Event "Llinars del Valles op-B 10th"]
[Site "Llinars del Valles"]
[Date "2016.05.07"]
[Round "6"]
[White "Diaz Doblas, Juan"]
[Black "Arcusa Postils, Eduard"]
[Result "1-0"]
[WhiteElo "1701"]
[BlackElo "1623"]
[PlyCount "101"]
[EventDate "2016.04.02"]
[EventType "swiss"]
[EventRounds "9"]
[EventCountry "ESP"]
[SourceTitle "CBM 172 Extra"]
[Source "ChessBase"]
[SourceDate "2016.06.21"]
[SourceVersion "1"]
[SourceVersionDate "2016.06.21"]
[SourceQuality "1"]

1. e4 d5 2. exd5 Qxd5 3. Nf3 Bg4 4. Be2 Nc6 5. Nc3 Qh5 6. d3 0-0-0 7. Be3 e6 8. a3 Nge7 9. Ng5 Bxe2 10. Qxe2 Qg6 11. 0-0-0 Nd5 12. Nxd5 exd5 13. g3 Kb8 14. h4 h6 15. Nf3 Bd6 16. d4 a6 17. Rd3 Na5 18. Nd2 Rhe8 19. b4 Nc4 20. Nxc4 dxc4 21. Rd2 b5 22. Qf3 Re4 23. h5 Qe6 24. d5 Qe5 25. Kb1 f6 26. Rhd1 Qe7 27. c3 Re8 28. Kc2 Kb7 29. Re2 Qf7 30. Red2 Qe7 31. Ra1 Ra8 32. a4 Qd8 33. axb5 axb5 34. Rxa8 Kxa8 35. Qd1 Kb7 36. Qf3 Re7 37. Kb1 Kc8 38. Ra2 Kb7 39. Ra7+ Kb8 40. Ra5 Qd7 41. g4 Qe8 42. Qe2 Rxe3 43. fxe3 Qe4+ 44. Kc1 Qxd5 45. e4 Qb7 46. Qe3 c6 47. Kc2 Qc7 48. Ra6 Be5 49. Qc5 Qd7 50. Qf8+ Kb7 51. Qa8+ 1-0

[Event "Llinars del Valles op-B 10th"]
[Site "Llinars del Valles"]
[Date "2016.04.23"]
[Round "4"]
[White "Diaz Doblas, Juan"]
[Black "Sierra Macias, Adan"]
[Result "0-1"]
[WhiteElo "1701"]
[BlackElo "1111"]
[PlyCount "100"]
[EventDate "2016.04.02"]
[EventType "swiss"]
[EventRounds "9"]
[EventCountry "ESP"]
[SourceTitle "CBM 172 Extra"]
[Source "ChessBase"]
[SourceDate "2016.06.21"]
[SourceVersion "1"]
[SourceVersionDate "2016.06.21"]
[SourceQuality "1"]

1. e4 c5 2. Nf3 e6 3. d4 cxd4 4. Nxd4 Nf6 5. Nc3 d6 6. Be2 Be7 7. 0-0 0-0 8. Be3 a6 9. Bf3 Qc7 10. h3 Rd8 11. Qe2 Nc6 12. Rad1 Ne5 13. g4 Nxf3+ 14. Qxf3 b5 15. g5 Nd7 16. Qg3 Bb7 17. Rc1 Rac8 18. f4 Nc5 19. Qg2 b4 20. Nce2 Nxe4 21. Qg4 Ba8 22. c3 bxc3 23. Nxc3 Qb7 24. Qg2 Nxc3 25. Qxb7 Bxb7 26. Rxc3 Rxc3 27. bxc3 Rc8 28. Rc1 Be4 29. Kf2 Kf8 30. h4 Ke8 31. Bd2 d5 32. Ne2 h6 33. Ke3 hxg5 34. hxg5 f6 35. gxf6 gxf6 36. Ng3 Bc5+ 37. Ke2 Bh7 38. Rh1 Bc2 39. Rh6 Kf7 40. Rh1 Rg8 41. Be1 Bd6 42. Ke3 Rg4 43. Ne2 Be4 44. Rf1 Ke7 45. Kd2 Kd7 46. Ke3 Bc5+ 47. Kd2 Bg2 48. Rg1 Bxg1 49. Nxg1 Bf1 50. Bf2 Rxf4 0-1

[Event "Roncana op-A 8th"]
[Site "Santa Eulalia de Roncana"]
[Date "2014.12.06"]
[Round "8"]
[White "Diaz Doblas, Juan"]
[Black "Oms Bruguera, Arnau"]
[Result "0-1"]
[WhiteElo "1900"]
[BlackElo "1837"]
[PlyCount "48"]
[EventDate "2014.10.11"]
[EventType "swiss"]
[EventRounds "8"]
[EventCountry "ESP"]
[SourceTitle "EXT 2016"]
[Source "ChessBase"]
[SourceDate "2015.10.08"]
[SourceVersion "1"]
[SourceVersionDate "2015.10.08"]
[SourceQuality "1"]

1. e4 c6 2. d4 d5 3. Nc3 dxe4 4. Nxe4 Bf5 5. Ng3 Bg6 6. Nf3 Nd7 7. Nh4 e6 8. Nxg6 hxg6 9. h3 Ngf6 10. Be2 Bd6 11. f4 Qc7 12. 0-0 g5 13. fxg5 Bxg3 14. gxf6 gxf6 15. d5 cxd5 16. Be3 0-0-0 17. Bf2 Rdg8 18. Kh1 Nc5 19. Bxc5 Qxc5 20. c4 d4 21. Bf3 Kb8 22. Qd3 e5 23. b4 Qc8 24. Be4 Rxh3+ 0-1

[Event "Roncana op-A 8th"]
[Site "Santa Eulalia de Roncana"]
[Date "2014.11.15"]
[Round "5"]
[White "Company Codina, Abel"]
[Black "Diaz Doblas, Juan"]
[Result "1-0"]
[WhiteElo "1945"]
[BlackElo "1900"]
[PlyCount "89"]
[EventDate "2014.10.11"]
[EventType "swiss"]
[EventRounds "8"]
[EventCountry "ESP"]
[SourceTitle "CBM 163 Extra"]
[Source "ChessBase"]
[SourceDate "2014.12.23"]
[SourceVersion "1"]
[SourceVersionDate "2014.12.23"]
[SourceQuality "1"]

1. Nf3 d5 2. g3 b6 3. Bg2 Bb7 4. 0-0 Nf6 5. d3 Nc6 6. Nbd2 e5 7. e4 dxe4 8. Nxe4 Nxe4 9. dxe4 Bd6 10. Nh4 Ne7 11. Qg4 Ng6 12. Nf5 0-0 13. h4 Bc8 14. h5 Bxf5 15. exf5 Nh8 16. Bxa8 Qxa8 17. Bh6 g6 18. Bxf8 Kxf8 19. fxg6 fxg6 20. hxg6 Nxg6 21. Qf5+ Kg7 22. Rae1 Qc6 23. Qe4 Qd7 24. Kg2 h5 25. Rh1 h4 26. Rxh4 Nxh4+ 27. Qxh4 Qf5 28. Qe4 Qg5 29. Rh1 Kf6 30. Qh4 a5 31. Qxg5+ Kxg5 32. Kf3 Bc5 33. Rh7 e4+ 34. Ke2 Bd6 35. Ke3 Bc5+ 36. Kxe4 Bxf2 37. Rxc7 Kg4 38. Rg7+ Kh5 39. Kf5 Kh6 40. Rg6+ Kh7 41. g4 Bd4 42. c3 Bc5 43. Kf6 Be3 44. g5 Bc1 45. Kf7 1-0

[Event "Llinars del Valles op-B 8th"]
[Site "Llinars del Valles"]
[Date "2014.05.31"]
[Round "5"]
[White "Diaz Doblas, Juan"]
[Black "Guiu Mesa, Jordi"]
[Result "1-0"]
[WhiteElo "1938"]
[BlackElo "1795"]
[PlyCount "63"]
[EventDate "2014.04.26"]
[EventType "swiss"]
[EventRounds "8"]
[EventCountry "ESP"]
[SourceTitle "EXT 2015"]
[Source "ChessBase"]
[SourceDate "2014.11.20"]
[SourceVersion "1"]
[SourceVersionDate "2014.11.20"]
[SourceQuality "1"]

1. e4 e5 2. f4 Nc6 3. Nf3 d6 4. d4 exd4 5. Nxd4 Nf6 6. Nc3 Bd7 7. Be2 Be7 8. Be3 0-0 9. 0-0 a6 10. a3 b5 11. Nxc6 Bxc6 12. Bd3 Bd7 13. h3 h6 14. Qd2 c5 15. e5 dxe5 16. fxe5 Nh7 17. Rad1 Ng5 18. Qf2 Qc8 19. Bxg5 Bxg5 20. h4 Be7 21. Nd5 Bd8 22. Qg3 Bg4 23. Rde1 h5 24. Ne3 Bb6 25. Kh1 Rb8 26. Bf5 Qc6 27. Nxg4 hxg4 28. Qxg4 Rb7 29. Be4 Qc7 30. Bxb7 Qxb7 31. h5 Qc6 32. Rf6 1-0

[Event "Llinars del Valles op-B 8th"]
[Site "Llinars del Valles"]
[Date "2014.05.17"]
[Round "4"]
[White "Garcia Palomeras, Moises"]
[Black "Diaz Doblas, Juan"]
[Result "1-0"]
[WhiteElo "1834"]
[BlackElo "1938"]
[PlyCount "105"]
[EventDate "2014.04.26"]
[EventType "swiss"]
[EventRounds "8"]
[EventCountry "ESP"]
[SourceTitle "EXT 2015"]
[Source "ChessBase"]
[SourceDate "2014.11.20"]
[SourceVersion "1"]
[SourceVersionDate "2014.11.20"]
[SourceQuality "1"]

1. e4 e5 2. Nf3 Nc6 3. Bc4 Nf6 4. d3 Be7 5. c3 0-0 6. Bb3 d5 7. exd5 Nxd5 8. Nbd2 Nf4 9. 0-0 Nxd3 10. Qe2 Nxc1 11. Rfxc1 Bd6 12. Rd1 Bg4 13. h3 Bf5 14. Nc4 Qf6 15. Ne3 Be6 16. Bc2 a6 17. Nd5 Bxd5 18. Rxd5 Ne7 19. Qe4 g6 20. Rd2 c6 21. Rad1 Nc8 22. Bb3 Kg7 23. h4 Qe7 24. g4 f5 25. gxf5 gxf5 26. Qe3 Rf6 27. Kh1 Rg6 28. Re1 e4 29. Qd4+ Qf6 30. Qxf6+ Kxf6 31. Nd4 Rh6 32. f3 Rxh4+ 33. Kg1 Bf4 34. Rg2 e3 35. Ne6 Bh6 36. Nc7 Rb8 37. Rg8 Rh5 38. Re2 Rg5+ 39. Rg2 Rxg2+ 40. Kxg2 Ke7 41. Rh8 Bf4 42. Rxh7+ Kd6 43. Ne6 e2 44. Kf2 Bg3+ 45. Kxe2 Nb6 46. Ng7 Rf8 47. Rh6+ Ke7 48. Rg6 Be5 49. Re6+ Kf7 50. Nxf5 Bb8 51. Rxc6+ Ke8 52. Ng7+ Kd7 53. Rxb6 1-0

[Event "Roncana op-A 7th"]
[Site "Santa Eulalia de Roncana"]
[Date "2013.10.19"]
[Round "3"]
[White "Cordomi Fons, Francesco"]
[Black "Diaz Doblas, Juan"]
[Result "1-0"]
[WhiteElo "1872"]
[BlackElo "1701"]
[PlyCount "93"]
[EventDate "2013.10.05"]
[EventType "swiss"]
[EventRounds "8"]
[EventCountry "ESP"]
[SourceTitle "CBM 157 Extra"]
[Source "ChessBase"]
[SourceDate "2013.12.19"]
[SourceVersion "1"]
[SourceVersionDate "2013.12.19"]
[SourceQuality "1"]

1. d4 Nf6 2. e3 d5 3. Bd3 Bg4 4. f3 Bh5 5. Ne2 Nbd7 6. Nf4 e5 7. Nxh5 Nxh5 8. Qe2 Bd6 9. c4 dxc4 10. Bxc4 exd4 11. exd4+ Qe7 12. Qxe7+ Bxe7 13. Nc3 c6 14. 0-0 0-0 15. d5 Bc5+ 16. Kh1 Nb6 17. Bb3 Rad8 18. dxc6 bxc6 19. Ne4 Bd4 20. Bg5 Rd7 21. Rac1 h6 22. Bd2 Bxb2 23. Rxc6 Nf6 24. Nxf6+ Bxf6 25. Bxh6 Nd5 26. Bxd5 Rxd5 27. Rxf6 Rfd8 28. Bxg7 Kxg7 29. Ra6 R8d7 30. g4 Rd2 31. Kg1 Rb7 32. Rf2 Rd1+ 33. Kg2 f6 34. h4 Kg6 35. Kg3 Rg1+ 36. Rg2 Rgb1 37. h5+ Kg7 38. Re2 Kf7 39. Ree6 R1b6 40. Rexb6 axb6 41. a4 Kg7 42. Kf4 b5 43. axb5 Rxb5 44. Ra7+ Kh6 45. Rf7 Rb4+ 46. Kf5 Rb5+ 47. Kxf6 1-0

[Event "Mollet del Valles op 2nd"]
[Site "Mollet del Valles"]
[Date "2011.06.18"]
[Round "8"]
[White "Diaz Doblas, Juan"]
[Black "Puig Argiles, Jaume"]
[Result "1-0"]
[WhiteElo "1685"]
[BlackElo "1668"]
[PlyCount "119"]
[EventDate "2011.04.30"]
[EventType "swiss"]
[EventRounds "8"]
[EventCountry "ESP"]
[SourceTitle "EXT 2024"]
[Source "ChessBase"]
[SourceDate "2023.10.10"]
[SourceVersion "1"]
[SourceVersionDate "2023.10.10"]
[SourceQuality "1"]

1. e4 e5 2. f4 exf4 3. Nf3 d6 4. Bc4 g5 5. 0-0 Bg4 6. d4 Nc6 7. c3 Nf6 8. Re1 Bxf3 9. Qxf3 Be7 10. e5 dxe5 11. dxe5 Nd7 12. e6 Nde5 13. exf7+ Kf8 14. Qe4 Qd6 15. Bd5 Rb8 16. Na3 Rd8 17. c4 a6 18. Nc2 Nxf7 19. b3 Bf6 20. Ba3 Bxa1 21. Bxd6+ Nxd6 22. Qe6 Re8 23. Qh6+ Bg7 24. Rxe8+ Nxe8 25. Qxg5 Nf6 26. Bxc6 bxc6 27. Qxf4 Kf7 28. Qxc7+ Kg6 29. Qxc6 Rd8 30. Qf3 Rd7 31. Qg3+ Kf7 32. Nb4 a5 33. Nc6 Rd1+ 34. Kf2 Ne4+ 35. Ke2 Nxg3+ 36. Kxd1 Bc3 37. hxg3 Ke6 38. Kc2 Be1 39. g4 Kd6 40. Nd4 Bf2 41. Kd3 Kc5 42. Nc2 Bg1 43. a3 Bh2 44. b4+ axb4 45. axb4+ Kb6 46. Kd4 Bg1+ 47. Kd5 Bh2 48. Ke6 h6 49. Kf5 Bg3 50. Nd4 Be1 51. c5+ Kc7 52. b5 Bf2 53. Nb3 Be1 54. Kg6 Bf2 55. Kxh6 Be3+ 56. g5 Kd7 57. Kh5 Ke7 58. g6 Kf8 59. Kg4 Kg7 60. b6 1-0

[Event "Roncana op 4th"]
[Site "Santa Eulalia de Roncana"]
[Date "2010.11.27"]
[Round "9"]
[White "Diaz Doblas, Juan"]
[Black "Bosch Ricart, Joan"]
[Result "1/2-1/2"]
[WhiteElo "1686"]
[BlackElo "1778"]
[PlyCount "62"]
[EventDate "2010.10.02"]
[EventType "swiss"]
[EventRounds "9"]
[EventCountry "ESP"]
[SourceTitle "EXT 2012"]
[Source "ChessBase"]
[SourceDate "2011.11.24"]
[SourceVersion "1"]
[SourceVersionDate "2011.11.24"]
[SourceQuality "1"]

1. e4 e5 2. f4 exf4 3. Nf3 Be7 4. Bc4 Bh4+ 5. Kf1 d6 6. d4 Bg4 7. e5 d5 8. Bb5+ c6 9. Be2 Bxf3 10. Bxf3 Ne7 11. Bxf4 Ng6 12. Be3 Bg5 13. Qd2 h6 14. g3 Nd7 15. Nc3 Ngf8 16. h4 Bxe3 17. Qxe3 Ne6 18. Bg4 Qe7 19. a3 h5 20. Bh3 0-0-0 21. Kg2 Kb8 22. b4 g5 23. Bxe6 fxe6 24. Qxg5 Qxg5 25. hxg5 Rdg8 26. Rh4 Rxg5 27. Rah1 Nb6 28. a4 Nc4 29. Nd1 Nd2 30. Nf2 Nc4 31. Nd1 Nd2 1/2-1/2